000 00329nam a2200133Ia 4500
008 191201s2013 xx 000 0 und d
082 _a004
_bTHC
100 _aTHAREJA, Reema
245 0 _aComputer Fundamentals and Programming in c
250 _a3rd
260 _c2013
_bOxford
_aNEW DELHI
300 _a547
942 _2ddc
_cBK
_028
999 _c7844
_d7844